Les Entraîneurs qui ont gagné la Ligue des Champions - Statistiques

Statistiques générales
  • Ce quiz a été pris 210 fois
    78 depuis la dernière actualisation
  • Le résultat moyen est 21 sur 70
Statistiques - réponses
Année Club Pays Coach % Correct
2018 Real Madrid France Z. Zidane
100%
2017 Real Madrid France Z. Zidane
100%
2016 Real Madrid France Z. Zidane
100%
2024 Real Madrid Italie C. Ancelotti
99%
2025 Paris Saint-Germain Espagne L. Enrique
99%
2023 Manchester City Espagne P. Guardiola
99%
2021 Chelsea FC Allemagne T. Tuchel
99%
2022 Real Madrid Italie C. Ancelotti
97%
2014 Real Madrid Italie C. Ancelotti
96%
2019 Liverpool FC Allemagne J. Klopp
96%
2015 FC Barcelone Espagne L. Enrique
89%
2020 FC Bayern Munich Allemagne H-D. Flick
83%
2010 Internazionale Milano Portugal J. Mourinho
82%
2008 Manchester United Écosse Sir A. Ferguson
77%
2011 FC Barcelone Espagne P. Guardiola
73%
2004 FC Porto Portugal J. Mourinho
72%
2009 FC Barcelone Espagne P. Guardiola
70%
2007 AC Milan Italie C. Ancelotti
66%
2003 AC Milan Italie C. Ancelotti
59%
1999 Manchester United Écosse Sir A. Ferguson
51%
2006 FC Barcelone Pays-Bas F. Rijkaard
46%
2002 Real Madrid Espagne V. del Bosque
37%
2012 Chelsea FC Portugal R. Di Matteo
34%
2013 FC Bayern Munich Allemagne J. Heynckes
32%
1992 FC Barcelone Pays-Bas J. Cruyff
27%
2000 Real Madrid Espagne V. del Bosque
25%
2005 Liverpool FC France W. Benitez
24%
1993 Olympique de Marseille Belgique R. Goethals
20%
1990 AC Milan Italie A. Sacchi
15%
1989 AC Milan Italie A. Sacchi
15%
1996 Juventus Turin Italie M. Lippi
14%
1998 Real Madrid Allemagne J. Heynckes
13%
1994 AC Milan Italie F. Capello
10%
1995 Ajax Amsterdam Pays-Bas L. van Gaal
10%
2001 FC Bayern Munich Allemagne O. Hitzfeld
6%
1965 Internazionale Milano Italien H. Herrera
4%
1964 Internazionale Milano Italien H. Herrera
4%
1997 Borussia Dortmund Allemagne O. Hitzfeld
4%
1980 Nottingham Forest Angleterre B. Clough
3%
1979 Nottingham Forest Angleterre B. Clough
3%
1981 Liverpool FC Angleterre B. Paisley
3%
1978 Liverpool FC Angleterre B. Paisley
3%
1977 Liverpool FC Angleterre B. Paisley
3%
1988 PSV Eindhoven Pays-Bas G. Hiddink
3%
1987 FC Porto Portugal A. Jorge
1%
1962 SL Benfica Hongrie B. Guttmann
1%
1961 SL Benfica Hongrie B. Guttmann
1%
1974 FC Bayern Munich Allemagne D. Cramer
1%
1970 Feyenoord Rotterdam Allemagne E. Happel
1%
1991 Étoile Rouge de Belgrade Yougoslave L. Petrović
1%
1969 AC Milan Italie N. Rocco
1%
1963 AC Milan Italien N. Rocco
1%
1976 FC Bayern Munich Allemagne D. Cramer
0%
1975 FC Bayern Munich Allemagne D. Cramer
0%
1983 Hambourg SV Allemagne E. Happel
0%
1986 FC Steaua Bucarest Roumanie E. Jenei
0%
1960 Real Madrid Hongrie E. Österreicher
0%
1959 Real Madrid Hongrie E. Österreicher
0%
1958 Real Madrid Hongrie E. Österreicher
0%
1957 Real Madrid Hongrie E. Österreicher
0%
1956 Real Madrid Hongrie E. Österreicher
0%
1973 Ajax Amsterdam Pays-Bas H. Kraay
0%
1972 Ajax Amsterdam Pays-Bas H. Kraay
0%
1971 Ajax Amsterdam Pays-Bas H. Kraay
0%
1968 Manchester United Angleterre J. Crompton
0%
1984 Liverpool FC Angleterre J. Fagan
0%
1967 Celtic Glasgow Écosse J. Stein
0%
1966 Real Madrid Espagne M. Muñoz
0%
1985 Juventus Turin Italie R. Bizzoto
0%
1982 Aston Villa Angleterre T. Barton
0%
Aucun quiz correspondant
Distribution des résultats
% des personnes avec chaque résultat
Percentile par nombre de réponses
Votre historique - résultats
Vous n’avez pas pris ce quiz depuis la dernière actualisation